000 00741nam a2200229 i 4500
001 106862
003 ES-MaACL
005 20230906184309.0
007 t|
008 070108s1991 fr |||| | fre d
020 _a2-266-03391-3
080 _a811.14'06(076.1)
100 1 _aDeliyannis, Constantin.
_943528
245 1 0 _aVoyager en Grèce
_b: guide de conversation /
_cpar Constantin Deliyannis.
260 _aParis :
_bPresses Pocket,
_c[1991]
300 _a192 p. ;
_c18 cm.
490 1 _aLes langues pour tous
650 4 _aLengua griega moderna-
_xConversación y frases.
_914256
830 0 _aLes langues pour tous
_9189015
852 _aES-MaACL
_jE-11510
_z. - Biblioteca Jacinto Martínez Lacalle
999 _c106862
_d106862